Teaching the epic

Bewaard in:
Bibliografische gegevens
Hoofdauteur: Fleming, Margaret
Formaat: Boek
Taal:Undetermined
Gepubliceerd in: New York, Estados Unidos National counail of teachers of english 1974
Onderwerpen:
Tags: Voeg label toe
Geen labels, Wees de eerste die dit record labelt!

MARC

LEADER 00000nam a2200000Ia 4500
008 170316s9999 xx 000 0 und d
090 |a 801 F-10t 
100 |a Fleming, Margaret 
245 |a Teaching the epic 
260 |a New York, Estados Unidos 
260 |b National counail of teachers of english 
260 |c 1974 
300 |a 114 páginas 
650 |a TEORÍA LITERARIA 
999 |c 20263  |d 20263 
040 |a cru BVZT 
942 |c 15 D  |h 801 F-10t  |2 z